000 00306pam a2200133 a 4500
020 _c
041 _h
082 _a758.1
_bPET
100 _aKalan peterson.
245 _aWater foster watercolour Landscape
_hTextual Documents
260 _a[s.l]:
_bwater foster
300 _a31:
_bHard.
930 _a6931
999 _c240721
_d240721